000 00454nam a2200181Ia 4500
001 15322
003 IN-NITTTR
005 20251114233144.0
008 251113s9999||||xx |||||||||||||| ||eng||
040 _beng
040 _cIN-NITTTR
041 _aeng
082 _a621.3817 M299C
100 _aMaltin, Leonard
245 4 _aThe complete guide to home video /
_cMaltin, Leonard, Greenfield, Allan
700 _a Greenfield, Allan
942 _2ddc
_cBK
999 _c17956
_d17956